Staří blázni : obrázek ze života ve 3 jednáních /

Hlavní autor: Turnovský, Josef Ladislav, 1838-1901
Další autoři: Štolba, Josef, 1846-1930
Jazyk: Čeština
Vydáno: Praha : M. Knapp, [1908]
Vydání: 6. vyd.
Edice: Ochotnické divadlo
Fyzický popis: 70 s. ; 8°
Knihy
Uloženo v:
LEADER 00921nam a22002772a 4500
001 000960297
003 CZ BrMZK
005 20091211102803.0
007 ta
008 090812s1908 xr er|||||||||||cze d
015 |a cnb000635634 
035 |a (OCoLC)85486795 
040 |a ABA001  |b cze  |c ABA001  |d BOA001 
100 1 |a Turnovský, Josef Ladislav,  |d 1838-1901  |7 jk01140469  |4 aut 
245 1 0 |a Staří blázni :  |b obrázek ze života ve 3 jednáních /  |c z povídky Josefa Štolby napsal Josef Ladislav Turnovský 
250 |a 6. vyd. 
260 |a Praha :  |b M. Knapp,  |c [1908] 
300 |a 70 s. ;  |c 8° 
490 1 |a Ochotnické divadlo ;  |v sv. 86 
700 1 |a Štolba, Josef,  |d 1846-1930  |7 jk01131452  |4 ant 
830 0 |a Ochotnické divadlo  |0 s 
910 |a BOA001  |b 1-0501.812 
990 |a BK 
993 |a Y 
991 |b 200908 
996 6 |b 2619318485  |c 1-0501.812  |l MZK  |r Sklad / do 1 hodiny  |n 1  |w 001093284  |u 000010  |a 1  |e BOA001  |j MZK50  |s P